[Event "Hamar CC-ch A"]
[White "Brobakken, Jorgen"]
[Black "Bjornstad, Niklas Eriksen"]
[Site "Hamar"]
[Round "2"]
[Result "1-0"]
[Date "2019.02.28"]
[WhiteElo "1554"]
[BlackElo "1519"]
[PlyCount "65"]
[EventDate "2019.02.21"]
[EventType "swiss"]
[EventRounds "9"]
[EventCountry "NOR"]
[SourceTitle "EXT 2024"]
[Source "ChessBase"]
[SourceDate "2023.10.10"]
[SourceVersion "1"]
[SourceVersionDate "2023.10.10"]
[SourceQuality "1"]

1. d4 d5 2. f4 Nf6 3. e3 Bf5 4. Bd3 Bxd3 5. Qxd3 e6 6. Nf3 Nbd7 7. Nbd2 c5 8. c3 Qc7 9. Ne5 g6 10. 0-0 Bg7 11. b3 0-0 12. c4 cxd4 13. exd4 Rfd8 14. Bb2 dxc4 15. Ndxc4 Nd5 16. Qe4 b5 17. Ne3 N7f6 18. Qd3 Nxe3 19. Qxe3 Nd5 20. Qf3 Rac8 21. Rac1 Qb6 22. g3 Rxc1 23. Rxc1 f6 24. Nd3 e5 25. fxe5 fxe5 26. Rc5 Ne7 27. Qe4 Qd6 28. Nxe5 Nf5 29. Rc6 Qb4 30. Bc3 Qa3 31. Rc8 Rxc8 32. Qd5+ Kf8 33. Qf7# 1-0

[Event "Hamar op A"]
[White "Bjornstad, Niklas Eriksen"]
[Black "Brobakken, Jorgen"]
[Site "Hamar"]
[Round "6"]
[Result "0-1"]
[Date "2018.11.15"]
[WhiteElo "1537"]
[BlackElo "1541"]
[PlyCount "80"]
[EventDate "2018.09.06"]
[EventType "swiss"]
[EventRounds "7"]
[EventCountry "NOR"]
[SourceTitle "EXT 2024"]
[Source "ChessBase"]
[SourceDate "2023.10.10"]
[SourceVersion "1"]
[SourceVersionDate "2023.10.10"]
[SourceQuality "1"]

1. d4 d5 2. c4 e6 3. Nc3 c6 4. Nf3 f5 5. Bf4 Bd6 6. e3 Nf6 7. Be2 Qc7 8. Bxd6 Qxd6 9. c5 Qe7 10. b4 Nbd7 11. a4 0-0 12. 0-0 Ne4 13. Qc2 e5 14. dxe5 Nxe5 15. Nd4 Nxc3 16. Qxc3 f4 17. exf4 Rxf4 18. Rae1 Qg5 19. Nf3 Nxf3+ 20. Bxf3 Bd7 21. Re5 Qg6 22. Bh5 Qf6 23. Rfe1 Rf8 24. Bf3 Bh3 25. Bxd5+ cxd5 26. Qxh3 Kh8 27. Rxd5 Rxf2 28. g4 Rf3 29. Qg2 Qh4 30. Re8 Rxe8 31. Qxf3 Qe1+ 32. Kg2 Qxb4 33. Rd7 Qxc5 34. Qe4 Rf8 35. Qd4 Qc6+ 36. Kg1 Qc1+ 37. Kg2 Qf1+ 38. Kg3 Rf3+ 39. Kh4 Qh3+ 40. Kg5 Qh6# 0-1